How Many Times Can You Type "Shanghai" in 15 Seconds? - Statistics

General Stats
  • This quiz has been taken 826 times
  • The average score is 10 of 20
Answer Stats
Shanghai🌉🏢😜 % Correct
Shanghai
100%
Shanghai
97%
Shanghai
93%
Shanghai
89%
Shanghai
82%
Shanghai
72%
Shanghai
65%
Shanghai
53%
Shanghai
45%
Shanghai
38%
Shanghai
33%
Shanghai
30%
Shanghai
26%
Shanghai
23%
Shanghai
22%
Shanghai
21%
Shanghai
20%
Shanghai
20%
Shanghai
19%
Shanghai
19%
No matching quizzes found
Score Distribution
Percent of People with Each Score
Percentile by Number Answered
Your Score History
You have not taken this quiz